000 007170000a22002410004500
003 LK-CoMWRAF
005 20230905185458.0
008 230817t1983 ||||| |||| 00| 0 eng d
020 _a0669051470
040 _aLK-CoMWRAF
_dLK-CoMWRAF
_eLK-CoMWRAF
041 _aeng
082 _a330.95
_bETH
245 _aEthical dilemmas of development in Asia
260 _aToronto:
_bLexington Books,
_c1983
300 _aviii, 275 p. ; 24 cm.
650 _aECONOMIC DEVELOPMENT-Moral and ethical aspects.
650 _aCivil rights--Asia.
650 _aAsia--Economic conditions
700 _aGunatilleke, Godfrey
_eed.
700 _aTiruchelvam, Neelan.
_eed.
700 _aCoomaraswamy, Radhika.
_eed.
942 _cBK
999 _c2458
_d2458